00513nam a2200157Ia 4500008004100000082001800041100002300059245002800082250000800110260003200118300000800150650002200158942001200180952014800192999001500340150201s1998 xx 000 0 und d a610.734bF98C aCOLE, BETH VAUGHAN aFAMILY NURSING PRACTICE a1ST bW.B. SAUNDERSaU.S.A.c1998 a368 aCOMMUNITy NURSING 2ddccBK 00102ddc40718NURSINGaFMbFMcREFd2014-07-06eABC DELHIg1495.00iSGTUl0o610.734 F98CpFN1713r2015-02-09 00:00:00w2014-07-06yBKk4669 c2255d2255